00873nam a22002177a 450000500170000001000150001702000260003203500140005803700090007208200140008110000340009524500550012925000060018426000360019027001520022630000200037850000540039894200250045299900190047795201590049620260616112311.0 aENG-148859 c400.00a9788119664894 aEN-132391 bDBAD a956.9421 aParackal, Manoj Thomas989401 aRemember and do not Forget/cManoj Thomas Parackal a1 bATC PublishersaBengaluruc2024 aSt's Mary Block, Archdiocesan,Pastoral Center,#5, Nandidurga Road,Benson TownbBengalurue560046k+918025491999k7090100444minfo@atcpublishers.com a275p.c22cm(pb) aGod's Command to Israel in the Book of Deuteroomy 2ddccENh956.94mPAR c216680d216680 001040718NFICaDBADbDBADd2026-06-16eDelivery of Books Act Divisiong400.00l0o956.94 PARpEN-132391r2026-06-16 11:23:31t1v400.00w2026-06-16yEN